| 000 | 00727nam a2200181 a 4500 | ||
|---|---|---|---|
| 003 | 0 | ||
| 005 | 20250528105942.0 | ||
| 008 | 021022s19uu xx 00 eng d | ||
| 050 |
_aPHS HV 5800 _b.M37 2002 |
||
| 100 | _aMariano, Romeo Boy Jr. M. | ||
| 245 |
_aProfile of drug addicts undergoing rehabilitation in Day Top Harmony House, Tagaytay City / _cRomeo Boy M. Mariano Jr. |
||
| 260 |
_aLas PiƱas City, Philippines : _bSouthville International School and Colleges, _c2002. |
||
| 300 |
_a62 pages : _billustrations ; _c28 cm. |
||
| 650 |
_aDrug addicts _xRehabilitation _zPhilippines. |
||
| 650 |
_aRehabilitation centers _zPhilippines _xCase studies. |
||
| 650 |
_aSubstance abuse treatment _zPhilippines. |
||
| 942 |
_2lcc _cPASS |
||
| 999 |
_c96722 _d96722 |
||